The explicit Gospel / (Record no. 20886)

MARC details
000 -LEADER
fixed length control field 01847cam a2200481 a 4500
001 - CONTROL NUMBER
control field 16939794
003 - CONTROL NUMBER IDENTIFIER
control field OSt
005 - DATE AND TIME OF LATEST TRANSACTION
control field 20251203133630.0
008 - FIXED-LENGTH DATA ELEMENTS--GENERAL INFORMATION
fixed length control field 110830s2012 ilu b 001 0 eng
010 ## - LIBRARY OF CONGRESS CONTROL NUMBER
LC control number 2011036191
020 ## - INTERNATIONAL STANDARD BOOK NUMBER
International Standard Book Number 9781433530036
Qualifying information hbk.
020 ## - INTERNATIONAL STANDARD BOOK NUMBER
International Standard Book Number 1433530031
Qualifying information hbk.
020 ## - INTERNATIONAL STANDARD BOOK NUMBER
International Standard Book Number 9781433530043
Qualifying information PDF
020 ## - INTERNATIONAL STANDARD BOOK NUMBER
International Standard Book Number 143353004X
Qualifying information PDF
020 ## - INTERNATIONAL STANDARD BOOK NUMBER
International Standard Book Number 9781433530050
Qualifying information Mobipocket
020 ## - INTERNATIONAL STANDARD BOOK NUMBER
International Standard Book Number 1433530058
Qualifying information Mobipocket
020 ## - INTERNATIONAL STANDARD BOOK NUMBER
International Standard Book Number 9781433530067
Qualifying information ebk.
020 ## - INTERNATIONAL STANDARD BOOK NUMBER
International Standard Book Number 1433530066
Qualifying information ebk.
035 ## - SYSTEM CONTROL NUMBER
System control number 16939794
035 ## - SYSTEM CONTROL NUMBER
System control number (OCoLC)751780739
040 ## - CATALOGING SOURCE
Original cataloging agency DLC
Language of cataloging eng
Transcribing agency DLC
Modifying agency IG#
-- BTCTA
-- OQX
-- BDX
-- DLC
050 00 - LIBRARY OF CONGRESS CALL NUMBER
Classification number BT751.3
Item number .C47 2012
082 00 - DEWEY DECIMAL CLASSIFICATION NUMBER
Classification number 230
Edition number 23
100 1# - MAIN ENTRY--PERSONAL NAME
Personal name Chandler, Matt,
Dates associated with a name 1974-
245 14 - TITLE STATEMENT
Title The explicit Gospel /
Statement of responsibility, etc. Matt Chandler with Jared Wilson.
260 ## - PUBLICATION, DISTRIBUTION, ETC. (IMPRINT)
Place of publication, distribution, etc. Wheaton, Ill. :
Name of publisher, distributor, etc. Crossway,
Date of publication, distribution, etc. c2012.
300 ## - PHYSICAL DESCRIPTION
Extent 237 p. ;
Dimensions 23 cm.
336 ## - CONTENT TYPE
Content type term text
Content type code txt
Source rdacontent
337 ## - MEDIA TYPE
Media type term unmediated
Media type code n
Source rdamedia
338 ## - CARRIER TYPE
Carrier type term volume
Carrier type code nc
Source rdacarrier
504 ## - BIBLIOGRAPHY, ETC. NOTE
Bibliography, etc Includes bibliographical references and indexes.
505 0# - FORMATTED CONTENTS NOTE
Formatted contents note Pt. 1. The Gospel on the ground. Man ; Christ ; Response -- pt. 2. The Gospel in the air. Creation ; Fall ; Reconciliation ; Consummation -- pt. 3. Implications and applications. Dangers in a Gospel on the ground too long ; Dangers in a Gospel in the air too long ; Moralism and the cross.
650 #0 - SUBJECT ADDED ENTRY--TOPICAL TERM
Topical term or geographic name as entry element Salvation
General subdivision Christianity.
650 #0 - SUBJECT ADDED ENTRY--TOPICAL TERM
Topical term or geographic name as entry element Redemption
General subdivision Christianity.
650 #0 - SUBJECT ADDED ENTRY--TOPICAL TERM
Topical term or geographic name as entry element Salvation
General subdivision Biblical teaching.
650 #0 - SUBJECT ADDED ENTRY--TOPICAL TERM
Topical term or geographic name as entry element Redemption
General subdivision Biblical teaching.
650 #0 - SUBJECT ADDED ENTRY--TOPICAL TERM
Topical term or geographic name as entry element Protestant Churches
General subdivision Doctrines.
700 1# - ADDED ENTRY--PERSONAL NAME
Personal name Wilson, Jared C.,
Dates associated with a name 1975-
906 ## - LOCAL DATA ELEMENT F, LDF (RLIN)
a 7
b cbc
c orignew
d 1
e ecip
f 20
g y-gencatlg
942 ## - ADDED ENTRY ELEMENTS (KOHA)
Source of classification or shelving scheme Library of Congress Classification
Koha item type General Collection
Holdings
Withdrawn status Lost status Source of classification or shelving scheme Not for loan Home library Current library Date acquired Source of acquisition Inventory number Total Checkouts Full call number Barcode Date last seen Copy number Price effective from Koha item type
    Library of Congress Classification   Kabarak, Main Campus Kabarak, Main Campus 03/12/2025 Donation 2025/2771   BT751.3 .C47 2012 C.1 38879 03/12/2025 C.1 03/12/2025 General Collection
Designed with assistance from East African Informatics Ltd